000 00431nam a22001577a 4500
005 20251108164139.0
008 250721s1975 xx 000 0 ara d
082 1 4 _a219/حسن
100 1 _aالحفناوي، حسن
245 1 0 _aمحمد و العقل /
264 1 _aالقاهرة :
_bمؤسسة دار الشعب،
_c1975.
300 _a125ص.
650 1 7 _aالسيرة النبوية
942 _2ddc
_cBK
999 _c4811
_d4811